00835cam a22002173a 45000010005000000030006000050050017000110080041000280400015000690420007000840500007000911000037000982450096001352600029002315050211002605060030004715160020005016530027005218300028005488560041005764900PGUSA20140828083111.0041109s2004||||xxu|||||s|||||000 | eng d aPGUSAbeng adc 4aDH1 aMotley, John Lothrop,d1814-187710aPG Edition of Netherlands series — Completeh[electronic resource] /cJohn Lothrop Motley bProject Gutenberg,c20040 aThe Rise of the Dutch Republic, 1555-1584 -- History of the United Netherlands, 1584-1609 -- Life and Death of John of Barneveld, 1609-1623 -- A Memoir of John Lothrop Motley (by Oliver Wendell Holmes, Sr.) aPublic domain in the USA. aElectronic text aNetherlands -- History 0aProject Gutenbergv490040uhttp://www.gutenberg.org/ebooks/4900